| 000 | 00347nam a2200157Ia 4500 | ||
|---|---|---|---|
| 008 | 230312s9999||||xx |||||||||||||| ||und|| | ||
| 020 | _a0-19-433559-3 | ||
| 082 |
_a418 _bJOH-H |
||
| 100 | _aJohn | ||
| 245 | 0 | _aHEADWAY | |
| 260 |
_bOxford University Press _aUK _c1988 |
||
| 300 | _a135 | ||
| 546 | _aEng. | ||
| 650 | _aManagement | ||
| 942 | _cBK | ||
| 999 |
_c2015 _d2015 |
||